000 00175 a2200085 4500
020 _a 978178157515
100 _a Bev Speight
245 _aFast Art
260 _b Ilex Press
_c2018
999 _c13312
_d13312